000
00287nam a22001217a 4500
008
180125b xxu||||| |||| 00| 0 eng d
041
_a
eng
080
_2
3 ed
_a
616.31
100
_a
5
101
_a
den
245
_a
advanced radiotonic interpretation
_c
clarence.o.s
942
_2
udc
_c
BK
999
_c
40974
_d
40974